Организационное поведение: учебник для вузов

Detaylı Bibliyografya
Diğer Yazarlar: Латфуллин Г. Р. (редактор), Громова О. Н.
Özet:Учебник подготовлен преподавателями кафедры теории организации и управления одного из ведущих вузов страны. Содержание разделов учебной дисциплины «Организационное поведение» подробно раскрыто в соответствии с Государственным образовательным стандартом. Материал изложен наглядно и доступно. Теоретические положения сопровождаются примерами из российской практики. Авторы рассматривают проблемы поведения индивидов, групп, организаций в конкурентной среде и дают практические советы по повышению эффективности их деятельности. Допущено Министерством образования и науки РФ в качестве учебника для студентов вузов, обучающихся по специальности 080507 «Менеджмент организации». Книга будет полезна аспирантам, преподавателям, студентам смежных специальностей, лицам, получающим второе высшее образование, а также менеджерам-практикам.
Dil:Rusça
Baskı/Yayın Bilgisi: СПб., Питер, 2009
Edisyon:2-е изд., доп. и перераб.
Seri Bilgileri:Учебник для вузов
Konular:
Materyal Türü: Kitap
KOHA link:https://koha.lib.tpu.ru/cgi-bin/koha/opac-detail.pl?biblionumber=157280

MARC

LEADER 00000nam0a2200000 4500
001 157280
005 20231101221943.0
010 |a 9785911808730 
035 |a (RuTPU)RU\TPU\book\170579 
035 |a RU\TPU\book\156167 
090 |a 157280 
100 |a 20090406d2009 m y0rusy50 ca 
101 0 |a rus 
102 |a RU 
105 |a a j 001zy 
200 1 |a Организационное поведение  |e учебник для вузов  |f под ред. Г. Р. Латфуллина, О. Н. Громовой 
205 |a 2-е изд., доп. и перераб. 
210 |a СПб.  |c Питер  |d 2009 
215 |a 461 с.  |c ил. 
225 1 |a Учебник для вузов 
320 |a Библиография в конце глав. 
330 |a Учебник подготовлен преподавателями кафедры теории организации и управления одного из ведущих вузов страны. Содержание разделов учебной дисциплины «Организационное поведение» подробно раскрыто в соответствии с Государственным образовательным стандартом. Материал изложен наглядно и доступно. Теоретические положения сопровождаются примерами из российской практики. Авторы рассматривают проблемы поведения индивидов, групп, организаций в конкурентной среде и дают практические советы по повышению эффективности их деятельности. Допущено Министерством образования и науки РФ в качестве учебника для студентов вузов, обучающихся по специальности 080507 «Менеджмент организации». Книга будет полезна аспирантам, преподавателям, студентам смежных специальностей, лицам, получающим второе высшее образование, а также менеджерам-практикам. 
451 1 |0 (RuTPU)RU\TPU\book\156167  |y 978-5-91180-873-0  |t Организационное поведение  |o учебник для вузов  |f под ред. Г. Р. Латфуллина, О. Н. Громовой  |e 2-е изд., доп. и перераб.  |c СПб.  |n Питер  |d 2008  |p 461 с.  |s Учебник для вузов 
606 1 |a Организационное поведение   |2 stltpush  |3 (RuTPU)RU\TPU\subj\38031  |9 58751 
610 1 |a экономика 
610 1 |a труд 
610 1 |a кадры 
610 1 |a персонал 
610 1 |a самоорганизация 
610 1 |a групповое поведение 
610 1 |a лидерство 
610 1 |a коммуникативное поведение 
610 1 |a управление 
610 1 |a социализация 
610 1 |a индивид 
610 1 |a карьера 
610 1 |a международный бизнес 
610 1 |a учебники 
686 |a У9(2)240я73  |v LBC/SL-A  |2 rubbk 
702 1 |a Латфуллин  |b Г. Р.  |4 340 
702 1 |a Громова  |b О. Н.  |4 340 
801 1 |a RU  |b 63413507  |c 20080929  |g PSBO 
801 2 |a RU  |b 63413507  |c 20160224  |g PSBO 
900 |a Организационное поведение 
942 |c BK 
952 |a 521500  |b 080507 
955 |a 521500 
959 |a 82/20080924  |d 1  |e 180,00  |f ЧЗГЛ:1 
959 |a 94/20081023  |d 1  |e 222,00  |f АНЛ:1 
959 |a 49/20090413  |d 5  |e 192,00  |f УФ:5 
959 |a 67/20090610  |d 6  |e 192,00  |f АНЛ:1  |f УФ:5